000 00526nam a22001697a 4500
003 OSt
005 20251113064044.0
008 251113b |||||||| |||| 00| 0 eng d
010 _a943603
020 _a10987654321
040 _cENSLOW PUBLISHERS ,INC
050 _aHV 888.5 .C456 1995
_b .C456 1995
245 _aTEENS WITH PHYSICAL DISABILITIES:
_bREAL- LIFE STORIES MEETING THE CHALLENGE/
_cCHENEY, ALAN GLENN
250 _a1ST EDITION
260 _aUNITED STATES OF AMERICA:
_bENSLOW PUBLISHERS,
_c1995
942 _2lcc
_cBK
_n0
999 _c9783
_d9783